Región noroeste : Las yungas-comunidad Ava Guaraní /

Guardado en:
Autor Corporativo: Canal Encuentro.
Formato: Deslizar
Series:Geografías
Materias:
Etiquetas: Agregar Etiqueta
Sin Etiquetas, Sea el primero en etiquetar este registro!
LEADER 01071ngm a22002895g 4500
001 CEM.cems023075
008 130507b2005##################0###0#####d
005 20241209194152.0
245 1 0 |a Región noroeste :  |b Las yungas-comunidad Ava Guaraní /  |c Canal Encuentro. 
300 |a 15'. 
490 0 |a Geografías 
500 |a Consultar en ventanilla. 
505 0 |a Las selvas subtropicales ubicadas en la franja oriental de los Andes. Las comunidades indígenas que la habitan. La flora y la fauna autóctona y las amenazas de depredación. 
538 |a Soporte: DVD - Color: Si - Grabación DRD 2012 
590 |a Identificación SIABUC: DVD Nº 58 - Cargado nuevamente en 982/VAC - ELIMINAR 
110 2 |a Canal Encuentro. 
082 9 1 |/ YUN 
653 |a GEOGRAFIAS 
653 |a GEOGRAFIA 
653 |a GEOGRAFIA ARGENTINA 
653 |a NOROESTE 
653 |a NOROESTE ARGENTINO 
653 |a YUNGAS 
653 |a SELVA SUBTROPICAL 
653 |a REGIONES 
653 |a REGION NOROESTE 
859 |a CEMS  |b BIB. CEMS - Depto. Recursos Didacticos  |h 918  |i YUN  |k DRD  |p 1718.12  |t Ej.1